00670nam a2200205Ia 4500003000400000005001700004008004100021020001800062040001800080041000800098082002100106100002300127245011100150250001200261260006600273300003000339650002900369650003700398650002900435OSt20240523120428.0210716s2013 xx 000 0 und d a9789351342625 cAIMIT LIBRARY aeng a374.22 21bPACB aPrachter, Barbara. aEssentials of business etiquette : bhow to greet eat and tweet your way to success /cBy Barbara Pachter. a1st ed. aNew Delhi :bTata McGraw Hill Publishing Company Ltd ,c2013. axiii,240p. ;bPBc22.6 cm aImpressive introductions aSorry, mom: do talk to strangers aGo ahed- meet new people